000 00400nam a22000977a 4500
100 _aदलाल,सुखवीर सिंह
_979295
245 _aसावरकर, भगतसिंह, आजाद के प्रेरक प्रसंग
260 _aदिल्‍ली
_bगुप्‍ता कम्‍यूनिकेशन
_c2019
650 _aChildren Book
_979844
942 _cBK
999 _c63412
_d63412